000 01002 a2200457 4500
000 BKB
001 070814
005 20200902150904.0
008
010 _a
020 _a
082 _a368.092094
_bD43A
100 1 _aDenuit, Michel
110 _a
245 1 _aActuarial modelling of claim counts
_cby Michel Denuit, Xavier Marechal and Sandra Pitrebois
250 _a
260 _aEngland
_bJohn Wiley & Sons
_c2007
300 _a356p.
490 _a
_v
500 _a
600 _a
610 _a
611 _a
630 _a
650 _a
651 _a
654 _a
690 _aEurope; Automobile insurance--Rates; Automobile insurance claims
700 _aMarechal, Xavier
_b
_c
700 _aPitrebois, Sandra
_b
_c
710 _a
_b
_c
711 _a
720 _a
730 _a
740 _a
752 _a
856 _a
_d
_f
904 _a
964 _a
_bENG
_c
_d
_e
_f
_g
965 _a
999 _c4237
_d4237